000 00713nam a2200241 a 4500
001 BRL_249
005 20190320210644.0
008 080713s1934----mx-#######---#000-0#spa-#
041 _aspa
044 _amx
050 4 _aF1226
_b.T45 1934
100 1 _aTeja Zabre, Alfonso,
_d1888-1962
_923352
245 1 0 _aHistoria de México
_cAlfonso Teja Zabre.
260 _aMéxico
_bEdiciones Botas
_c1934
300 _a2 v.
_c23 cm.
500 _aEstado físico: material intonso
500 _av.5 Au266. v.6 Au265
504 _aIncluye referencias bibliográficas
505 0 _aContenido: v.5. El regimen colonial. -- v.6. La independencia
651 4 _aMéxico
_xHistoria
_9614
902 _aGRL
942 _2lcc
_cB
999 _c9062
_d9062